| 000 | 00970nam0a2200289 i 4500 | ||
|---|---|---|---|
| 001 | RU\NLR\bibl\1903099 | ||
| 005 | 20240921105452.0 | ||
| 010 |
_a9785222193785 _92500 |
||
| 021 |
_aRU _b2012-30272 _92246 |
||
| 035 | _a(NLR Aleph) 001892707 | ||
| 090 |
_a2941554 _c2941554 |
||
| 100 | _a20120515d2012 u y0rusy50 ca | ||
| 101 | 0 | _arus | |
| 102 | _aRU | ||
| 105 | _aa ||||||||| | ||
| 200 | 1 |
_aВыращиваем однолетние цветы _fЛ.И. Мовсесян |
|
| 210 |
_aРостов-на-Дону _cФеникс _d2012 |
||
| 215 |
_a155, [1] с., [8] л. цв. ил. _d20 |
||
| 225 | 1 | _aСерия "Мир садовода" | |
| 606 | 1 |
_aЦветочные культуры однолетние _92246725 _3RU\NLR\auth\661347841 |
|
| 686 | _aП274.61 | ||
| 700 | 1 |
_aМовсесян _bЛ. И. _gЛюбовь Ивановна _4070 |
|
| 801 | 0 |
_aRU _bNLR _c20120515 _gRCR |
|
| 801 | 1 |
_aRU _bNLR _c20120515 |
|
| 942 | _cBOOK | ||
| 980 | _aNBR | ||